Clinical guidelines diagnosis and treatment manual : (Record no. 115834)

MARC details
000 -LEADER
fixed length control field 00892pam a2200265 a 4500
008 - FIXED-LENGTH DATA ELEMENTS--GENERAL INFORMATION
fixed length control field
020 ## - INTERNATIONAL STANDARD BOOK NUMBER
International Standard Book Number 0834208156 (pbk.)
049 ## - LOCAL HOLDINGS (OCLC)
Holding library MAIN
050 10 - LIBRARY OF CONGRESS CALL NUMBER
Classification number RA645.3
Item number CLI
003 - CONTROL NUMBER IDENTIFIER
control field
005 - DATE AND TIME OF LATEST TRANSACTION
control field 20230120204028.0
040 ## - CATALOGING SOURCE
Transcribing agency NUST
245 00 - TITLE STATEMENT
Title Clinical guidelines diagnosis and treatment manual :
Remainder of title for curative programmes in hospitals and dispensaries guidance for prescribing /
Statement of responsibility, etc. edited by L. Blok...[et...al]
250 ## - EDITION STATEMENT
Edition statement 7th. ed.
260 ## - PUBLICATION, DISTRIBUTION, ETC.
Place of publication, distribution, etc. France :
Name of publisher, distributor, etc. Medins Sans Frontieres,
Date of publication, distribution, etc. 2007
300 ## - PHYSICAL DESCRIPTION
Extent 342 p. :
Other physical details ill. ;
Dimensions 21 cm.
500 ## - GENERAL NOTE
General note Includes index.
650 #0 - SUBJECT ADDED ENTRY--TOPICAL TERM
Topical term or geographic name entry element Home care services.
650 #0 - SUBJECT ADDED ENTRY--TOPICAL TERM
Topical term or geographic name entry element Managed care plans (Medical care)
650 12 - SUBJECT ADDED ENTRY--TOPICAL TERM
Topical term or geographic name entry element Home Care Services
Geographic subdivision United States.
650 22 - SUBJECT ADDED ENTRY--TOPICAL TERM
Topical term or geographic name entry element Managed Care Programs
Geographic subdivision United States
700 ## - ADDED ENTRY--PERSONAL NAME
Personal name Editorial Committe
907 ## - LOCAL DATA ELEMENT G, LDG (RLIN)
a .b1027554x
b 09-02-12
c 15-03-10
942 ## - ADDED ENTRY ELEMENTS (KOHA)
Koha item type Ordinary Loan Books
Holdings
Date last seen Total Checkouts Full call number Barcode Cost, replacement price Price effective from Koha item type Lost status Source of classification or shelving scheme Damaged status Not for loan Collection Withdrawn status Home library Current library Shelving location Date acquired Cost, normal purchase price
01/20/2023 5 RA645.3 CLI 92004011283 80.00 01/20/2023 BOOKS   lcc     NFIC   Medical Medical GEN 01/20/2023 80.00